| 000 | 00834nam a22002537a 4500 | ||
|---|---|---|---|
| 001 | 22123 | ||
| 005 | 20260416163135.0 | ||
| 008 | 260324b |||||||| |||| 00| 0 spa d | ||
| 041 | _aESP | ||
| 082 |
_a631.5 _bM61 |
||
| 100 | _a, | ||
| 110 | _aMinisterio de Desarrollo Agrario y Riego | ||
| 245 |
_aCalendario agrícola : _bregión sierra |
||
| 250 | _aPrimera edición | ||
| 260 |
_aLima : _bInstituto Nacional de Innovación Agraria (INIA), _c2025 |
||
| 300 |
_a121 páginas : _bilustraciones, mapas ; _c22 cm. |
||
| 440 | _a ; | ||
| 650 | _aTCA | ||
| 653 | _aAgricultura; Agricultura - Cultivo; Agricultura - Cosecha | ||
| 654 | _aCTP | ||
| 700 | _a; | ||
| 856 |
_uhttps://itmsp.museknowledge.com/UCSP?groupID=2&action=source&sourceID=JSTOR_org_IP _zVéase además: Base de datos JSTOR |
||
| 942 |
_cLIB _dJUS _fTRC _n0 _2ddc |
||
| 999 |
_c22123 _d22123 |
||